Every Major City in the Northeast United States - with a Map - Statistics

General Stats
  • This quiz has been taken 692 times
  • The average score is 19 of 28
Answers on the Map
Answers color-coded by a green-red scale on the quiz's map according to % correct below.
 
Answer Stats
Population State City % Correct
694,583 MA Boston
98%
8,398,748 NY New York City
98%
1,584,138 PA Philadelphia
97%
702,455 DC Washington D.C
94%
602,495 MD Baltimore
93%
301,048 PA Pittsburgh
93%
256,304 NY Buffalo
92%
179,335 RI Providence
89%
282,090 NJ Newark
85%
122,587 CT Hartford
84%
206,284 NY Rochester
81%
142,749 NY Syracuse
76%
265,549 NJ Jersey City
74%
130,418 CT New Haven
70%
112,525 NH Manchester
64%
144,900 CT Bridgeport
62%
185,877 MA Worcester
62%
199,663 NY Yonkers
62%
155,032 MA Springfield
59%
121,433 PA Allentown
52%
118,977 MA Cambridge
49%
129,775 CT Stamford
47%
111,670 MA Lowell
40%
128,885 NJ Elizabeth
38%
145,627 NJ Paterson
37%
108,093 CT Waterbury
32%
100,693 NJ Edison
21%
108,000 MD Columbia
19%
No matching quizzes found
Score Distribution
Percent of People with Each Score
Percentile by Number Answered
Your Score History
You have not taken this quiz